[Event "TCh-CHN 2015"]
[Site "China CHN"]
[Date "2015.08.23"]
[Round "15.2"]
[White "Liu, Guanchu"]
[Black "Ma, Zhonghan"]
[Result "1/2-1/2"]
[WhiteTitle "IM"]
[BlackTitle "IM"]
[WhiteElo "2379"]
[BlackElo "2468"]
[WhiteTeam "Chengdu"]
[BlackTeam "Qingdao"]
[WhiteFideId "8603901"]
[BlackFideId "8607206"]
[EventDate "2015.04.10"]

1. e4 d5 2. exd5 Nf6 3. c4 c6 4. Nc3 cxd5 5. cxd5 Nxd5 6. Nf3 Nc6 7. Bb5 e6 8.
O-O Be7 9. d4 O-O 10. Re1 Bd7 11. Nxd5 exd5 12. Bf4 Bg4 13. Bxc6 bxc6 14. Qd3
Bxf3 15. Qxf3 Bf6 16. Be5 Bxe5 17. Rxe5 Re8 18. Rxe8+ Qxe8 19. Rc1 Qd7 20. Qc3
Re8 21. Re1 Rxe1+ 22. Qxe1 h6 23. h3 Kh7 24. a4 Qd6 25. b4 Qd7 26. Qe5 f6 27.
Qb8 Qe7 28. Kh2 Qe4 29. Qxa7 Qf4+ 30. Kg1 Qc1+ 31. Kh2 Qf4+ 1/2-1/2

[Event "TCh-CHN 2015"]
[Site "China CHN"]
[Date "2015.08.23"]
[Round "15.2"]
[White "Yuan, Ye"]
[Black "Ren, Xiaoyi"]
[Result "1-0"]
[WhiteElo "2114"]
[BlackElo "2211"]
[WhiteTeam "Qingdao"]
[BlackTeam "Chengdu"]
[WhiteFideId "8608415"]
[BlackFideId "8608709"]
[EventDate "2015.04.10"]

1. d4 d5 2. c4 c6 3. Nf3 Nf6 4. Nc3 e6 5. Bg5 h6 6. Bh4 Nbd7 7. cxd5 exd5 8. e3
Be7 9. Bd3 O-O 10. Qc2 c5 11. O-O c4 12. Bf5 Re8 13. Ne5 Nxe5 14. dxe5 Ng4 15.
Bg3 Bh4 16. Bxg4 Bxg4 17. Bxh4 Qxh4 18. Nxd5 Rac8 19. f4 b5 20. Qf2 Qxf2+ 21.
Rxf2 Bf5 22. Rd2 Kf8 23. Rd4 Rc5 24. Rc1 Rec8 25. Kf2 g5 26. Nf6 gxf4 27. exf4
Ke7 28. g4 Be6 29. Ne4 Rd5 30. Rxd5 Bxd5 31. Nd6 Rc6 32. Rd1 Be6 33. f5 Bd7 34.
Nxf7 b4 35. f6+ Kxf7 36. Rxd7+ Ke8 37. Rd6 Rc8 38. Ke2 a5 39. Ra6 Kf7 40. Ra7+
Kf8 41. Rxa5 Re8 42. Ke3 Kf7 43. Rc5 b3 44. axb3 cxb3 45. Rb5 Ke6 46. Ke4 1-0

[Event "TCh-CHN 2015"]
[Site "China CHN"]
[Date "2015.08.23"]
[Round "15.2"]
[White "Pham, Le Thao Nguyen"]
[Black "Li, Yunshan"]
[Result "1-0"]
[WhiteTitle "WGM"]
[BlackTitle "WFM"]
[WhiteElo "2319"]
[BlackElo "1916"]
[WhiteTeam "Qingdao"]
[BlackTeam "Chengdu"]
[WhiteFideId "12401226"]
[BlackFideId "8607664"]
[EventDate "2015.04.10"]

1. e4 c5 2. Nf3 e6 3. c3 Nf6 4. e5 Nd5 5. d4 cxd4 6. cxd4 Nc6 7. Bc4 d6 8. O-O
Be7 9. Bd2 O-O 10. Nc3 Nxc3 11. Bxc3 Bd7 12. Qe2 d5 13. Bd3 Qb6 14. a3 Rac8 15.
Qd2 Bd8 16. b4 a6 17. h4 f5 18. exf6 Bxf6 19. Rfe1 Ne7 20. Bb2 Nf5 21. h5 Kh8
22. Bxf5 exf5 23. h6 g6 24. Qf4 Rc2 25. Bc1 Qc7 26. Qxc7 Rxc7 27. Bf4 Rcc8 28.
Be5 Kg8 29. Bxf6 Rxf6 30. Re7 Rf7 31. Rae1 Bc6 32. Ng5 Rxe7 33. Rxe7 a5 34. Rg7+
Kf8 35. Nxh7+ Ke8 36. Nf6+ 1-0

[Event "TCh-CHN 2015"]
[Site "China CHN"]
[Date "2015.08.23"]
[Round "15.3"]
[White "Wan, Yunguo"]
[Black "Ma, Qun"]
[Result "1/2-1/2"]
[WhiteTitle "IM"]
[BlackTitle "GM"]
[WhiteElo "2477"]
[BlackElo "2609"]
[WhiteTeam "Heibei"]
[BlackTeam "Tianjing"]
[WhiteFideId "8603189"]
[BlackFideId "8603154"]
[EventDate "2015.04.10"]

1. e4 e5 2. Nf3 Nc6 3. Bb5 Nf6 4. O-O Nxe4 5. Re1 Nd6 6. Nxe5 Be7 7. Bf1 Nxe5 8.
Rxe5 O-O 9. d4 Bf6 10. Re1 Re8 11. Rxe8+ Nxe8 12. d5 d6 13. Nd2 c6 14. Ne4 Be5
15. Ng5 Nf6 16. dxc6 bxc6 17. Nf3 Bg4 18. h3 Bxf3 19. Qxf3 d5 20. c3 Rb8 21. Bd3
c5 22. Rb1 c4 23. Bc2 d4 24. cxd4 Bxd4 25. Bg5 h6 26. Bxf6 Qxf6 27. Qxf6 Bxf6
28. b3 c3 29. Kf1 Kf8 30. Rd1 Ke7 31. Ke2 Rb5 32. Rd3 h5 33. g4 hxg4 34. hxg4 g5
35. Rd1 Rb4 36. Bf5 Rb7 37. Rd5 Rc7 38. Kd1 Ke8 39. Bd3 Kf8 40. f3 Re7 41. b4
Kg7 42. Ra5 Be5 43. Kc2 f6 44. Rd5 Rb7 45. b5 Kf7 46. Bf5 Ke7 47. a4 Rc7 48. a5
Bd6 49. b6 axb6 50. axb6 Rc5 51. Rxc5 1/2-1/2

[Event "TCh-CHN 2015"]
[Site "China CHN"]
[Date "2015.08.23"]
[Round "15.3"]
[White "Zhang, Pengxiang"]
[Black "Malakhov, Vladimir"]
[Result "1/2-1/2"]
[WhiteTitle "GM"]
[BlackTitle "GM"]
[WhiteElo "2570"]
[BlackElo "2706"]
[WhiteTeam "Heibei"]
[BlackTeam "Tianjing"]
[WhiteFideId "8600970"]
[BlackFideId "4120787"]
[EventDate "2015.04.10"]

1. d4 d5 2. c4 c6 3. Nf3 Nf6 4. cxd5 cxd5 5. Nc3 Nc6 6. Bf4 e6 7. e3 Bd6 8. Bxd6
Qxd6 9. Bd3 O-O 10. O-O Bd7 11. Rc1 Rfc8 12. h3 a6 13. e4 dxe4 14. Nxe4 Nxe4 15.
Bxe4 Nd8 16. Qb3 Bc6 17. Bxc6 Rxc6 18. Rxc6 Qxc6 19. Rd1 Qd5 20. Qxd5 exd5 21.
Kf1 Rc8 22. Ke2 f6 23. Kd2 Kf7 24. Rc1 Rxc1 25. Kxc1 Ne6 26. g3 Ng5 27. Nxg5+
fxg5 28. g4 Ke6 29. Kd2 h6 30. f3 Kd6 31. Kc3 1/2-1/2

[Event "TCh-CHN 2015"]
[Site "China CHN"]
[Date "2015.08.23"]
[Round "15.3"]
[White "Ni, Shiqun"]
[Black "Wang, Doudou"]
[Result "1/2-1/2"]
[WhiteTitle "WIM"]
[BlackTitle "WIM"]
[WhiteElo "2315"]
[BlackElo "2205"]
[WhiteTeam "Tianjing"]
[BlackTeam "Heibei"]
[WhiteFideId "8608466"]
[BlackFideId "8603197"]
[EventDate "2015.04.10"]

1. e4 e5 2. Nf3 Nc6 3. Nc3 Nf6 4. d4 exd4 5. Nxd4 Bb4 6. Nxc6 bxc6 7. Bd3 d5 8.
exd5 cxd5 9. O-O O-O 10. h3 c6 11. Qf3 Bd6 12. Bf4 Rb8 13. b3 Rb4 14. Bxd6 Qxd6
15. Rfe1 Bd7 16. Rad1 Rbb8 17. Ne2 Rfe8 18. c4 a5 19. Nf4 Rxe1+ 20. Rxe1 Re8 21.
Rxe8+ Bxe8 22. cxd5 cxd5 23. Qe3 Kf8 24. Qd4 h6 25. Ne2 Bd7 26. Nc3 Qb4 27.
Qxb4+ axb4 28. Ne2 Ke7 29. Nd4 Kd6 30. Nc2 Kc5 31. a3 bxa3 32. b4+ Kd6 33. Nxa3
Ne4 34. Kf1 Nc3 35. Kg1 Ne4 36. Kf1 Nc3 37. Nc2 Ba4 38. Nd4 Ke5 39. Nf3+ Kd6 1/2-1/2

[Event "TCh-CHN 2015"]
[Site "China CHN"]
[Date "2015.08.23"]
[Round "15.4"]
[White "Wang, Chen"]
[Black "Zeng, Chongsheng"]
[Result "1/2-1/2"]
[WhiteTitle "IM"]
[BlackTitle "GM"]
[WhiteElo "2500"]
[BlackElo "2541"]
[WhiteTeam "Chongqing"]
[BlackTeam "Guangdong"]
[WhiteFideId "8601020"]
[BlackFideId "8603847"]
[EventDate "2015.04.10"]

1. e4 c6 2. d3 d5 3. Nd2 g6 4. Ngf3 Bg7 5. g3 dxe4 6. dxe4 b6 7. Be2 Nf6 8. O-O
O-O 9. Re1 Qc7 10. c3 e5 11. Qc2 Nbd7 12. Bf1 Bb7 13. b3 Rad8 14. Bb2 Rfe8 15.
Rad1 Bf8 16. Ba1 Ba8 17. Bb2 Bb7 18. Ba1 Bg7 19. Bb2 Bh6 20. Ba3 Bf8 21. Bb2 Bc8
22. Ba1 Bh6 23. Bb2 Bb7 24. Bh3 Ba6 25. Bf1 Bc8 26. Ba3 Bf8 27. Bb2 Bb7 28. Bc1
Bg7 29. Ba3 Bf8 30. Bb2 Kg7 1/2-1/2

[Event "TCh-CHN 2015"]
[Site "China CHN"]
[Date "2015.08.23"]
[Round "15.4"]
[White "Zhou, Weiqi"]
[Black "Xu, Yinglun"]
[Result "1-0"]
[WhiteTitle "GM"]
[WhiteElo "2627"]
[BlackElo "2443"]
[WhiteTeam "Chongqing"]
[BlackTeam "Guangdong"]
[WhiteFideId "8601674"]
[BlackFideId "8604940"]
[EventDate "2015.04.10"]

1. Nf3 Nf6 2. g3 d5 3. Bg2 c6 4. O-O e6 5. d3 Be7 6. Nbd2 O-O 7. e4 c5 8. e5 Ne8
9. Re1 Nc6 10. Nf1 Nc7 11. h4 f5 12. exf6 Bxf6 13. Ne3 e5 14. c4 d4 15. Nd5 Bg4
16. Qb3 Nxd5 17. cxd5 Na5 18. Qc2 Bxf3 19. Bxf3 b6 20. Bg2 Qd6 21. Bd2 Nb7 22.
b4 Kh8 23. Qa4 Rfc8 24. Qa6 Rab8 25. Rac1 Qd7 26. Qxa7 Qb5 27. Bf1 Nd6 28. Qa3
Ra8 29. Qb3 Qd7 30. Rc2 Nb5 31. a4 Nc3 32. Bxc3 dxc3 33. Rxc3 Qxa4 34. bxc5 bxc5
35. Qxa4 Rxa4 36. Bh3 Rd8 37. Rxc5 Rd4 38. Bg2 Rxd3 39. Rc2 Rd4 40. Be4 Rb4 41.
Kg2 Be7 42. f3 Bd6 43. Ra1 Rb7 44. h5 Kg8 45. Ra6 Bb8 46. Kh3 h6 47. Rcc6 Kf8
48. Kg4 Rbd7 49. Ra8 Bd6 50. Rxd8+ Rxd8 51. Ra6 Kf7 52. Kf5 Rd7 53. Bd3 Bb8 54.
Rb6 Ba7 55. Rc6 Bb8 56. Bc4 Rd6 57. Rc8 Rf6+ 58. Ke4 Bd6 59. Bb5 Ke7 60. Re8+
Kf7 61. Ra8 Ke7 62. Ra7+ Kf8 63. Bd7 Rf7 64. Ra8+ Ke7 65. Bf5 Bc7 66. Ra7 Kf8
67. Be6 Re7 68. Kf5 Bb8 69. Ra6 Ra7 70. Rc6 Ke7 71. Rc8 Rb7 72. g4 Kd6 73. Rc6+
Ke7 74. Kg6 Rb3 75. Rc8 Bd6 76. Rg8 Rxf3 77. Rxg7+ Ke8 78. Bd7+ Kf8 79. Bf5 1-0

[Event "TCh-CHN 2015"]
[Site "China CHN"]
[Date "2015.08.23"]
[Round "15.4"]
[White "Liu, Manli CHN"]
[Black "Huang, Qian"]
[Result "0-1"]
[BlackTitle "WGM"]
[WhiteElo "2033"]
[BlackElo "2473"]
[WhiteTeam "Guangdong"]
[BlackTeam "Chongqing"]
[WhiteFideId "8608121"]
[BlackFideId "8602689"]
[EventDate "2015.04.10"]

1. e4 b6 2. d4 Bb7 3. Bd3 e6 4. Nf3 c5 5. O-O Ne7 6. Re1 Ng6 7. c3 Be7 8. Nbd2
O-O 9. Nf1 a6 10. Ng3 d6 11. b3 Nd7 12. Bd2 b5 13. a4 Qb6 14. a5 Qc7 15. b4 Rfe8
16. Rc1 Rac8 17. Ng5 h6 18. Nh3 e5 19. d5 Bf8 20. Nf5 Qd8 21. Kh1 Qf6 22. Qg4
Rc7 23. Ng1 Nf4 24. Bb1 Rec8 25. Ne2 h5 26. Qf3 g6 27. Ne3 Bh6 28. Ng1 c4 29. g3
Nd3 30. Qxf6 Nxf6 31. Bxd3 cxd3 32. f3 Ne8 33. Nh3 f5 34. Nf2 Nf6 35. Kg2 Kh7
36. h3 Rf7 37. Kg1 Rfc7 38. Kg2 Bg5 39. Kg1 h4 40. g4 Bf4 41. Kg2 Rf8 42. Nf1
Bxd2 43. Nxd2 Rfc8 44. Nd1 Bxd5 45. exd5 Nxd5 46. Kf2 Nf4 47. Rh1 d5 48. Nb3 Rc4
49. Nc5 d4 50. Nb2 d2 51. Rc2 Rxc3 52. Rxd2 Kg7 53. gxf5 gxf5 54. Nbd3 Nxd3+ 55.
Nxd3 e4 56. fxe4 fxe4 57. Ke2 exd3+ 58. Rxd3 Rc2+ 59. Kf3 R2c3 60. Rd1 Rxd3+ 61.
Rxd3 Rc4 62. Rb3 Rc3+ 63. Rxc3 dxc3 64. Ke3 Kf6 65. Kd3 Ke5 66. Kxc3 Ke4 0-1

[Event "TCh-CHN 2015"]
[Site "China CHN"]
[Date "2015.08.23"]
[Round "15.5"]
[White "Lou, Yiping"]
[Black "Lan, Zilun"]
[Result "0-1"]
[WhiteTitle "IM"]
[WhiteElo "2453"]
[BlackElo "2180"]
[WhiteTeam "Shanghai"]
[BlackTeam "Zhejiang"]
[WhiteFideId "8603928"]
[BlackFideId "8604193"]
[EventDate "2015.04.10"]

1. d4 Nf6 2. c4 e6 3. Nf3 Bb4+ 4. Bd2 Qe7 5. g3 O-O 6. Bg2 Bxd2+ 7. Qxd2 d5 8.
O-O Nbd7 9. Rc1 c6 10. Qf4 Re8 11. Nbd2 e5 12. dxe5 Nxe5 13. cxd5 Ng6 14. Qd4
Nxd5 15. e4 Nc7 16. a4 Bg4 17. Ra3 Bxf3 18. Bxf3 Rad8 19. Qe3 Ne6 20. Nb3 Ng5
21. Bg2 Nxe4 22. Qxa7 Qf6 23. Rb1 Qf5 24. Rf1 Qf6 25. Rb1 h5 26. a5 h4 27. Ra4
Qf5 28. Rf1 h3 29. Bh1 Nh4 30. f3 Rd1 31. Rxd1 Nxf3+ 32. Kf1 Nd4+ 0-1

[Event "TCh-CHN 2015"]
[Site "China CHN"]
[Date "2015.08.23"]
[Round "15.5"]
[White "Zhou, Jianchao"]
[Black "Lu, Shanglei"]
[Result "1/2-1/2"]
[WhiteTitle "GM"]
[BlackTitle "GM"]
[WhiteElo "2578"]
[BlackElo "2570"]
[WhiteTeam "Shanghai"]
[BlackTeam "Zhejiang"]
[WhiteFideId "8603537"]
[BlackFideId "8603332"]
[EventDate "2015.04.10"]

1. d4 d5 2. c4 e6 3. Nc3 dxc4 4. e4 c5 5. d5 a6 6. a4 Nf6 7. Bxc4 exd5 8. Nxd5
Nxd5 9. Bxd5 Be6 10. Nf3 Bxd5 11. exd5 Bd6 12. Bg5 Qa5+ 13. Qd2 Qxd2+ 14. Nxd2
Nd7 15. Nc4 Be7 16. Bf4 O-O 17. a5 Rfe8 18. O-O-O h6 19. Bc7 Bg5+ 20. Kb1 Re2
21. Rhe1 Rae8 22. Rxe2 Rxe2 23. f4 Bf6 24. Rd2 Re1+ 25. Kc2 Kf8 26. Nd6 Bd4 27.
Nxb7 Be3 28. Rd1 Re2+ 29. Kd3 Rxb2 30. Kxe3 Rxb7 31. d6 Rb3+ 32. Kd2 g6 33. Re1
Rb4 34. g3 Nf6 35. Bb6 Ne4+ 36. Ke3 Ke8 37. Kf3 f5 38. Bxc5 Rb3+ 39. Kg2 Kd7 40.
Bb6 Rb2+ 41. Kg1 Kxd6 42. Rd1+ Rd2 43. Rc1 Kd5 44. Rc8 Nd6 45. Rc5+ Ke4 46. Rc3
Kd5 47. Rc5+ Ke4 48. Rc3 Kd5 49. Rc5+ Ke4 1/2-1/2

[Event "TCh-CHN 2015"]
[Site "China CHN"]
[Date "2015.08.23"]
[Round "15.5"]
[White "Qiu, Mengjie"]
[Black "Zhang, Xiaowen"]
[Result "1/2-1/2"]
[WhiteTitle "WFM"]
[BlackTitle "WGM"]
[WhiteElo "2122"]
[BlackElo "2349"]
[WhiteTeam "Zhejiang"]
[BlackTeam "Shanghai"]
[WhiteFideId "8606137"]
[BlackFideId "8603219"]
[EventDate "2015.04.10"]

1. e4 e6 2. d4 d5 3. Nd2 c5 4. Ngf3 cxd4 5. Nxd4 Nc6 6. Bb5 Bd7 7. Nxc6 Bxc6 8.
Bxc6+ bxc6 9. c4 Nf6 10. cxd5 cxd5 11. exd5 Qxd5 12. Qa4+ Qd7 13. Qxd7+ Nxd7 14.
O-O Be7 15. Nc4 O-O 16. Be3 Nf6 17. Rfd1 Nd5 18. Bd4 Rfc8 19. b3 a5 20. Nb6 Nxb6
21. Bxb6 a4 22. Be3 f5 23. Rac1 Rxc1 24. Rxc1 axb3 25. axb3 Rb8 26. Rb1 Bb4 27.
Kf1 Kf7 28. Ke2 e5 29. f3 Rc8 30. Rc1 Rxc1 1/2-1/2

[Event "TCh-CHN 2015"]
[Site "China CHN"]
[Date "2015.08.23"]
[Round "15.6"]
[White "Liu, Qingnan"]
[Black "Popov, Ivan"]
[Result "0-1"]
[WhiteTitle "IM"]
[BlackTitle "GM"]
[WhiteElo "2510"]
[BlackElo "2661"]
[WhiteTeam "Shandong"]
[BlackTeam "Hangzhou"]
[WhiteFideId "8603294"]
[BlackFideId "4170350"]
[EventDate "2015.04.10"]

1. e4 c5 2. Nf3 e6 3. d4 cxd4 4. Nxd4 Nc6 5. Nc3 a6 6. Be3 Nf6 7. Be2 Qc7 8. O-O
Be7 9. f4 d6 10. Kh1 O-O 11. Qe1 Nxd4 12. Bxd4 b5 13. Qg3 Bb7 14. a3 Bc6 15.
Rae1 Rad8 16. Bd3 Qd7 17. Nd1 Nh5 18. Qg4 Nf6 19. Qg3 Nh5 20. Qh3 Nxf4 21. Rxf4
e5 22. Rg4 exd4 23. e5 g6 24. e6 Qe8 25. Qh6 f5 26. Rh4 Bxh4 27. Qxh4 Rc8 28.
Nf2 Rc7 29. Qxd4 Re7 30. Qxd6 Rf6 31. Bf1 Rfxe6 32. Rxe6 Rxe6 33. Qd2 Re1 34.
Kg1 Qe3 35. Qd8+ Be8 36. Qd3 f4 37. b3 Bf7 0-1

[Event "TCh-CHN 2015"]
[Site "China CHN"]
[Date "2015.08.23"]
[Round "15.6"]
[White "Zhao, Jun"]
[Black "Gao, Rui"]
[Result "0-1"]
[WhiteTitle "GM"]
[BlackTitle "GM"]
[WhiteElo "2621"]
[BlackElo "2533"]
[WhiteTeam "Shandong"]
[BlackTeam "Hangzhou"]
[WhiteFideId "8602522"]
[BlackFideId "8602387"]
[EventDate "2015.04.10"]

1. e4 c5 2. Nf3 d6 3. d4 cxd4 4. Nxd4 Nf6 5. Nc3 Nc6 6. Bc4 Bd7 7. Bb3 g6 8. Be3
Bg7 9. h3 O-O 10. O-O Nxd4 11. Bxd4 Bc6 12. Qd3 Qa5 13. Nd5 Bxd5 14. exd5 a6 15.
Rae1 Rfe8 16. Re3 Rac8 17. Bc3 Qc5 18. Rfe1 Rc7 19. Bd4 Qa5 20. Bc3 Qc5 21. Qd2
Qb5 22. a4 Qd7 23. a5 Nh5 24. Bxg7 Nxg7 25. Re4 Qd8 26. c3 Rf8 27. Qe2 Qc8 28.
Ra1 Qd8 29. Re1 Qc8 30. Ra1 Qd8 31. h4 Rc5 32. Rxe7 Rb5 33. Bc4 Rxb2 34. Qxb2
Qxe7 35. Bf1 Rc8 36. c4 Nh5 37. Rb1 Rc7 38. Qb6 Nf6 39. Rb3 Ng4 40. g3 h5 41.
Qd4 Qe1 42. Rb6 Rxc4 0-1

[Event "TCh-CHN 2015"]
[Site "China CHN"]
[Date "2015.08.23"]
[Round "15.6"]
[White "Wen, Yang"]
[Black "Bai, Jinshi"]
[Result "1/2-1/2"]
[WhiteTitle "GM"]
[BlackTitle "IM"]
[WhiteElo "2573"]
[BlackElo "2518"]
[WhiteTeam "Shandong"]
[BlackTeam "Hangzhou"]
[WhiteFideId "8602956"]
[BlackFideId "8602280"]
[EventDate "2015.04.10"]

1. c4 c5 2. Nf3 Nc6 3. d4 cxd4 4. Nxd4 Nf6 5. Nc3 e6 6. a3 Nxd4 7. Qxd4 b6 8. e4
Bc5 9. Qd1 O-O 10. e5 Ne8 11. Bd3 Bb7 12. O-O Qc7 13. Bf4 f5 14. Be2 a6 15. Rc1
d6 16. Bf3 Bxf3 17. Qxf3 Rc8 18. Rfe1 dxe5 19. Bxe5 Bd6 20. Bxd6 Qxd6 21. Qe3
Rc6 22. Rcd1 Qc7 23. b3 Nf6 24. h3 Re8 25. Na2 Rd6 26. Nc3 Red8 27. Rc1 Qc5 28.
Qxc5 bxc5 29. Na4 Rc6 30. Rcd1 Rb8 31. Rd3 Kf7 32. f3 Ke7 33. Kf2 Rb7 34. Ke3
Nd7 35. Kd2 1/2-1/2

[Event "TCh-CHN 2015"]
[Site "China CHN"]
[Date "2015.08.23"]
[Round "15.6"]
[White "Gu, Tianlu"]
[Black "Xu, Huahua"]
[Result "1-0"]
[WhiteTitle "WIM"]
[BlackTitle "WIM"]
[WhiteElo "2182"]
[BlackElo "2105"]
[WhiteTeam "Hangzhou"]
[BlackTeam "Shandong"]
[WhiteFideId "8603995"]
[BlackFideId "8604096"]
[EventDate "2015.04.10"]

1. d4 d5 2. c4 c6 3. Nc3 Nf6 4. e3 g6 5. Nf3 Bg7 6. Be2 O-O 7. O-O dxc4 8. Bxc4
Bg4 9. Be2 Nbd7 10. e4 Bxf3 11. Bxf3 e5 12. d5 Nb6 13. dxc6 bxc6 14. Qc2 Qc8 15.
Be3 Qb7 16. b3 Rac8 17. Rfd1 h5 18. b4 Rfe8 19. Qe2 Nbd7 20. Rab1 Nf8 21. b5 c5
22. b6 a6 23. Qc4 Ne6 24. Be2 Ra8 25. Nd5 Rec8 26. Ne7+ Qxe7 27. b7 Rcb8 28.
bxa8=Q Rxa8 29. Rb6 Nd4 30. Bg5 a5 31. Rdb1 Ne6 32. Rb7 Qe8 33. Bxf6 Bxf6 34.
Qc3 Qc6 35. Bc4 Rd8 36. h3 Qxe4 37. Bxe6 fxe6 38. Qxc5 1-0

[Event "TCh-CHN 2015"]
[Site "China CHN"]
[Date "2015.08.23"]
[Round "15.6"]
[White "Lei, Tingjie"]
[Black "Xiao, Yiyi"]
[Result "0-1"]
[WhiteTitle "WGM"]
[BlackTitle "WFM"]
[WhiteElo "2444"]
[BlackElo "2218"]
[WhiteTeam "Hangzhou"]
[BlackTeam "Shandong"]
[WhiteFideId "8605114"]
[BlackFideId "8606161"]
[EventDate "2015.04.10"]

1. d4 Nf6 2. c4 e6 3. Nf3 d5 4. Nc3 Be7 5. Bf4 O-O 6. e3 c5 7. dxc5 Bxc5 8. Rc1
Nc6 9. Be2 dxc4 10. Bxc4 Qxd1+ 11. Rxd1 a6 12. Bd6 Bxd6 13. Rxd6 Ne7 14. Ke2 b5
15. Bb3 Bb7 16. Rhd1 Rfc8 17. Ke1 g6 18. a3 Rc7 19. Rd8+ Rxd8 20. Rxd8+ Kg7 21.
Rd1 Rc5 22. Ke2 Nc6 23. Nd2 Ne5 24. f3 a5 25. Rc1 Rc7 26. Rc2 Ba6 27. Nce4 Rxc2
28. Bxc2 b4+ 29. Ke1 Nd5 30. Kf2 Bd3 31. Bb3 Bxe4 32. fxe4 Nd3+ 33. Ke2 Nc1+ 34.
Kd1 Nxb3 35. exd5 Nxd2 36. d6 bxa3 37. bxa3 Kf6 38. Kxd2 e5 39. Kd3 Ke6 40. Kc4
Kxd6 41. Kb5 f5 42. Kxa5 Kc5 43. a4 g5 44. Ka6 f4 45. e4 g4 0-1

[Event "TCh-CHN 2015"]
[Site "China CHN"]
[Date "2015.10.28"]
[Round "16.1"]
[Board "1"]
[White "Ma, Zhonghan"]
[Black "Zhao, Jun"]
[Result "0-1"]
[WhiteTitle "IM"]
[BlackTitle "GM"]
[WhiteElo "2468"]
[BlackElo "2621"]
[WhiteTeam "Qingdao"]
[BlackTeam "Shandong"]
[WhiteFideId "8607206"]
[BlackFideId "8602522"]
[EventDate "2015.04.10"]

1. d4 Nf6 2. Nf3 e6 3. c4 b6 4. g3 Bb7 5. Bg2 Be7 6. Nc3 Ne4 7. Qc2 Nxc3 8. Qxc3
O-O 9. O-O c5 10. Rd1 d6 11. b3 Bf6 12. Bb2 Qe7 13. Qd2 Nd7 14. dxc5 Bxb2 15.
Qxb2 dxc5 16. Ne5 Nxe5 17. Qxe5 Bxg2 18. Kxg2 Rfd8 19. Qc3 Rd6 20. Rxd6 Qxd6 21.
Qd3 Rd8 22. Qxd6 Rxd6 23. Kf3 Kf8 24. Ke3 Ke7 25. Rc1 e5 26. h4 Ke6 27. a3 Rd4
28. f3 Kf6 29. Rf1 Kf5 30. Rc1 Kg6 31. Kf2 f5 32. b4 Kf6 33. bxc5 bxc5 34. Rc3
h5 35. Ke1 f4 36. e3 fxe3 37. Ke2 Kf5 38. Kxe3 g6 39. a4 a5 40. Rc1 e4 41. fxe4+
Rxe4+ 42. Kf3 Ke5 43. Rb1 Rxc4 44. Rb5 Rc3+ 45. Kf2 Rc2+ 46. Ke3 Rc3+ 47. Kf2
Ke4 48. Rxa5 Rc2+ 49. Ke1 Ke3 50. Kd1 Rc4 51. Ra6 Rg4 52. Rc6 Kf3 53. a5 Kxg3
54. Rxc5 Kxh4 55. Kc2 g5 56. Kb3 Rg1 57. Rc4+ g4 58. a6 Rb1+ 59. Ka4 Rb8 60. a7
Ra8 61. Rc7 g3 0-1

[Event "TCh-CHN 2015"]
[Site "China CHN"]
[Date "2015.10.28"]
[Round "16.1"]
[Board "2"]
[White "Fang, Yuxiang"]
[Black "Liu, Qingnan"]
[Result "1/2-1/2"]
[BlackTitle "IM"]
[WhiteElo "2437"]
[BlackElo "2510"]
[WhiteTeam "Qingdao"]
[BlackTeam "Shandong"]
[WhiteFideId "8605840"]
[BlackFideId "8603294"]
[EventDate "2015.04.10"]

1. Nf3 c5 2. c4 Nf6 3. Nc3 Nc6 4. g3 e5 5. Bg2 h6 6. O-O d6 7. d3 Bg4 8. h3 Be6
9. b3 g5 10. Nd2 Be7 11. Nde4 Qd7 12. Kh2 Ng8 13. Nd5 f5 14. Nxe7 Ncxe7 15. Nc3
Nf6 16. a3 O-O 17. b4 cxb4 18. axb4 d5 19. cxd5 Nexd5 20. Nxd5 Bxd5 21. e4 Bc6
22. Bb2 fxe4 23. dxe4 Qxd1 24. Raxd1 Nd7 25. Rd6 Bb5 26. f4 gxf4 27. Rf3 Rae8
28. gxf4 Rxf4 29. Rxf4 exf4 30. Rd2 Nf8 31. e5 Bc6 32. Rc2 Rd8 33. Bxc6 bxc6 34.
Bc1 Ng6 35. Rxc6 Nxe5 36. Rxh6 Nd3 37. Bd2 Re8 38. Bc3 Re2+ 39. Kg1 f3 40. Bd4
Re1+ 41. Kh2 f2 42. Rh8+ Kf7 43. Bxf2 Nxf2 44. Rh7+ Kg6 45. Rxa7 Ne4 46. b5 Re2+
47. Kg1 Kg5 48. b6 Rb2 49. Rg7+ Kf6 50. Rb7 Nc5 51. Rc7 Ne6 52. Rb7 Kg5 53. Rb8
Kf4 54. b7 Kf3 55. Re8 Rb1+ 56. Kh2 Rb2+ 57. Kg1 Rb1+ 58. Kh2 1/2-1/2

[Event "TCh-CHN 2015"]
[Site "China CHN"]
[Date "2015.10.28"]
[Round "16.1"]
[Board "3"]
[White "Mu, Ke"]
[Black "Wen, Yang"]
[Result "1/2-1/2"]
[BlackTitle "GM"]
[WhiteElo "2392"]
[BlackElo "2573"]
[WhiteTeam "Qingdao"]
[BlackTeam "Shandong"]
[WhiteFideId "8602778"]
[BlackFideId "8602956"]
[EventDate "2015.04.10"]

1. d4 Nf6 2. c4 g6 3. Nc3 Bg7 4. e4 d6 5. Nf3 O-O 6. Be2 Na6 7. O-O e5 8. Be3 c6
9. Qc2 Ng4 10. Bg5 f6 11. Bh4 g5 12. Bg3 f5 13. exf5 Bxf5 14. Qd2 e4 15. Ne1 Nh6
16. Nc2 Bg6 17. Rad1 Nc7 18. Rfe1 Ne6 19. d5 Nf4 20. dxc6 bxc6 21. Bf1 Rb8 22.
Nd4 Bxd4 23. Qxd4 Nf5 24. Qd2 e3 25. fxe3 Nxg3 26. exf4 Qb6+ 27. Qd4 Qxd4+ 28.
Rxd4 Nxf1 29. b3 Nxh2 30. Kxh2 gxf4 1/2-1/2

[Event "TCh-CHN 2015"]
[Site "China CHN"]
[Date "2015.10.28"]
[Round "16.1"]
[Board "4"]
[White "Xiao, Yiyi"]
[Black "Yuan, Ye"]
[Result "1/2-1/2"]
[WhiteTitle "WFM"]
[WhiteElo "2218"]
[BlackElo "2114"]
[WhiteTeam "Shandong"]
[BlackTeam "Qingdao"]
[WhiteFideId "8606161"]
[BlackFideId "8608415"]
[EventDate "2015.04.10"]

1. d4 Nf6 2. c4 e6 3. g3 d5 4. Bg2 dxc4 5. Nf3 Nc6 6. O-O Rb8 7. Nc3 a6 8. e4
Nb4 9. Ne5 Nc6 10. Nxc6 bxc6 11. Qa4 Rb4 12. Qxc6+ Qd7 13. Qa8 c6 14. a3 Rb3 15.
Bg5 Qb7 16. Qxb7 Bxb7 17. Na4 c5 18. d5 exd5 19. exd5 Bxd5 20. Bxf6 Bxg2 21.
Rfe1+ Kd7 22. Bxg7 Bxg7 23. Nxc5+ Kc6 24. Nxb3 Bd5 25. Na5+ Kb5 26. Rad1 Ba8 27.
b4 Rc8 28. Rd7 c3 29. Rxf7 c2 30. Nb3 Bb2 31. Rf5+ Ka4 32. Rc5 Rxc5 33. Nxc5+
Kxa3 34. Nd3 Bf3 35. Re3 Bd1 36. Nc1+ Ka4 37. Na2 Bh5 38. Re6 Bf7 39. Rxa6+ Kb3
40. Ra5 Kc4 41. Ra7 Bd5 42. Rc7+ Kb3 43. b5 Ba3 44. b6 Kb2 45. b7 Bxb7 46. Rxb7+
Kxa2 47. Rc7 c1=Q+ 48. Rxc1 Bxc1 49. Kg2 Kb3 50. Kf3 Kc4 51. Ke4 Kc5 52. Ke5
Bb2+ 53. Ke6 Bd4 54. f4 Bg1 55. f5 Bxh2 56. g4 Bd6 57. f6 Kc6 58. Kf7 Kd5 59.
Kg7 1/2-1/2